| 000 | 00546nam a2200181Ia 4500 | ||
|---|---|---|---|
| 003 | GCL | ||
| 008 | 140319s9999 xx 000 0 ara d | ||
| 040 |
_aGCL / _cGCL |
||
| 082 | 0 | 4 |
_a184 _bم ج |
| 100 | 1 | _aمجاهد عبدالمنعم مجاهد | |
| 245 | 1 | 0 |
_aجدل الجمال والاغتراب / _cمجاهد عبدالمنعم مجاهد |
| 300 | _a183 ص | ||
| 490 |
_aالسلسلة الثقافية _v0 |
||
| 650 | 0 | 4 | _aالفلسفة |
| 650 | 0 | 4 | _aالفلسفة اليونانية |
| 650 | 0 | 4 | _aافلاطون |
| 942 |
_2ddc _cBK |
||
| 999 |
_c44698 _d44698 |
||